| 000 | 01157nam0a22002771 4500 | ||
|---|---|---|---|
| 001 | 2565688 | ||
| 005 | 20251118181740.4 | ||
| 021 |
_aRU _bи9629-79 |
||
| 035 | _a(NLR Aleph) 006450253 | ||
| 090 |
_a5731018 _c5731018 |
||
| 100 | _a20110316d1979 u y0rusy50 ca | ||
| 101 | 0 | _arus | |
| 102 |
_aRU _aHU |
||
| 105 | _aa z ||||| | ||
| 200 | 1 |
_aИнформационная система сбыта Восточнословацкого металлургического комбината _fЯрослав Ференц |
|
| 210 |
_aБудапешт _cKG-Informatik _d1979 |
||
| 215 |
_a16 с. _cил. _d20 |
||
| 225 | 1 |
_aVI Международная конференция стран-членов СЭВ и СФРЮ по автоматизации производственных процессов и управления в черной металлургии. [Доклады] _iСекция 1 _v24 |
|
| 686 |
_aУ9(4Че)305.551.521-592,0 _2rubbk |
||
| 700 | 1 |
_aФеренц _bЯ. _gЯрослав |
|
| 801 | 0 |
_aRU _bNLR _gpsbo |
|
| 801 | 1 |
_aRU _bELAR _2rusmarc |
|
| 852 |
_aNLR _jDesideratum |
||
| 899 |
_aRuMoRGB _jИн 79-1/43 |
||
| 942 | _cBOOK | ||
| 980 | _aNB | ||